000 00919pam a2200313 a 4500
999 _c9196
_d9196
001 9196
003 BD-JhCC
005 20180310194005.0
008 880527s1989 ilu b 001 0 eng
020 _a0256026688 :
_c$22.00
020 _a0256072000 (pbk.) :
_c$16.00
035 _a(BD-JhCC)9196
040 _aDLC
_cDLC
_dDLC
_dBD-JhCC
041 _aeng
050 0 0 _aJK518
_b.S43 1989
082 0 0 _a321.8/042
_219
_bSEL 1989
100 1 _aSeligman, Lester G.
245 1 4 _aThe coalitional presidency /
_cLester G. Seligman, Cary R. Covington.
260 _aChicago, Ill. :
_bDorsey Press,
_cc1989.
300 _ax, 191 p. ;
_c24 cm.
500 _aIncludes index.
504 _aBibliography: p. 174-183.
650 0 _aPresidents
_zUnited States.
650 0 _aCoalition governments
_zUnited States.
650 0 _aCoalitions
700 1 _aCovington, Cary Raymond,
_d1951-
942 _2ddc
_cBK